000 00225 a2200097 4500
001 43753
100 _aScott
245 _aFrom paragraph to essay Part-I Part-II
260 _aCambridge
_bUniv press
_c
090 _c27515
_d27515
942 _aNUST-CAE
_cM
_c19464
999 _c278826
_d278826